000 00785nam a22002055i 4500
001 164966
003 ES-MaACL
005 20250526063012.0
008 000727s1880 fr |||| | fre d
040 _aAN
_bspa
_cAN
100 1 _aSchopenhauer, Arthur,
_d1788-1860
_9240710
245 1 0 _aParerga et paralipomena
_b: aphorismes sur la sagesse dans la vie /
_cpar Arthur Schopenhauer ; traduit en français pour la première fois par J.-A. Cantaguzène.
260 _aParis :
_bLibrairie Germer Baillière et Cie.,
_c1880 (
_eColommiers :
_fTypographie Paul Brodard)
300 _a300 p. ;
_c22 cm.
597 _aAntep.
700 1 1 _aCantacuzène, J. A.
_9126314
852 _aES-MaACL
_jB-7094
_z-- Enc. pasta española
999 _c164966
_d164966